000 00989cam a22002895i 4500
001 19150773
005 20230113164440.0
008 160624s2016 nyu 000 0 eng
906 _a0
_bibc
_corignew
_d2
_eepcn
_f20
_gy-gencatlg
925 0 _aacquire
_b1 shelf copy
_xpolicy default
010 _a 2016945925
020 _a1945150173 (hardcover)
040 _aDLC
_beng
_erda
_cDLC
042 _apcc
245 0 0 _aGsd platform 9 :
_bstill life /
_c[edited by] Jennifer Bonner, Michelle Benoit, Patrick Herron.
250 _a1st edition.
263 _a1612
264 1 _aNew York, NY :
_bActar D Inc.,
_c2016.
300 _apages cm
336 _atext
_btxt
_2rdacontent
337 _aunmediated
_bn
_2rdamedia
338 _avolume
_bnc
_2rdacarrier
500 _aMinimal Level Cataloging Plus.
_5DLC
650 0 _aArchitectural design
_xResearch
_zMassachusetts
_zCambridge.
985 _aEnglish (SS/Tech) Contract
999 _c11241
_d11241